000 00896cam a2200313 4500
001 3373
003 FISKH
005 20240229142149.0
008 701202s1970 nyua j 000 1 eng
010 _a 74124383
020 _a0671651366
040 _aDLC
_cDLC
_dDLC
_beng
041 1 _aengger
042 _alcac
050 0 0 _aPZ10.3.S176
_bBak5
082 0 0 _a[Fic]
100 1 _aSalten, Felix,
_d1869-1945.
245 1 0 _aBambi :
_cBy Felix Salten
_bA life in the woods /
250 _aThis edition 1966
260 _aLondon :
_bJonatan Cape,
_c1928
300 _a223 pages :
_billustrations ;
_c20 cm
350 _a4.95
520 _aThe adventures of a young deer in the forest as he grows into a beautiful sta
650 0 _aDeer
_xJuvenile fiction.
650 1 _aDeer
_xFiction.
906 _a7
_bcbc
_corignew
_d2
_encip
_f19
_gy-gencatlg
942 _2ddc
_cBK
_n0
999 _c3373
_d3373